|
|
|
|
| LEADER |
00000nam2a2200000 4500 |
| 001 |
216781 |
| 005 |
20231101230050.0 |
| 035 |
|
|
|a (RuTPU)RU\TPU\book\236754
|
| 090 |
|
|
|a 216781
|
| 100 |
|
|
|a 20120529d1974 km y0rusy50 ca
|
| 101 |
0 |
|
|a rus
|
| 102 |
|
|
|a RU
|
| 105 |
|
|
|a y z 001zy
|
| 200 |
0 |
|
|a Вып.13 : Некоторые вопросы истории крестьянства Сибири
|f отв. ред. Л. И. Боженко
|
| 210 |
|
|
|d 1974
|
| 215 |
|
|
|a 198 с.
|
| 320 |
|
|
|a Библиогр. в примеч.:
|
| 461 |
|
1 |
|0 (RuTPU)RU\TPU\book\16120
|t Из истории Сибири
|o сборник статей
|f Томский государственный университет, Проблемная научно-исследовательская лаборатория истории, археологии и этнографии Сибири
|v Вып.13 : Некоторые вопросы истории крестьянства Сибири
|d 1970-
|
| 606 |
1 |
|
|a Сибирь
|x История
|2 stltpush
|3 (RuTPU)RU\TPU\subj\67153
|9 83036
|
| 610 |
1 |
|
|a крестьянство
|
| 610 |
1 |
|
|a деревня
|
| 610 |
1 |
|
|a кустарная промышленность
|
| 610 |
1 |
|
|a кооперация
|
| 610 |
1 |
|
|a НЭП
|
| 610 |
1 |
|
|a новая экономическая политика
|
| 610 |
1 |
|
|a партийные организации
|
| 610 |
1 |
|
|a комсомольская организация
|
| 610 |
1 |
|
|a культурное строительство
|
| 610 |
1 |
|
|a томские татары
|
| 610 |
1 |
|
|a сибирское казачество
|
| 610 |
1 |
|
|a приписные крестьяне
|
| 610 |
1 |
|
|a Алтай
|
| 686 |
|
|
|a Т3(253)
|v LBC/SL-A
|2 rubbk
|
| 702 |
|
1 |
|a Боженко
|b Л. И.
|4 340
|
| 801 |
|
1 |
|a RU
|b 63413507
|c 20120529
|
| 801 |
|
2 |
|a RU
|b 63413507
|c 20200922
|g RCR
|
| 942 |
|
|
|c BK
|